| 000 | 00442nam a2200193Ia 4500 | ||
|---|---|---|---|
| 005 | 20240823050713.0 | ||
| 008 | 240823s9999||||xx |||||||||||||| ||und|| | ||
| 020 | _a978-93-806195-5-2 | ||
| 041 | _aENGLISH | ||
| 082 | _A813.54 Q3 | ||
| 100 | _aSharada Kolluru | ||
| 245 | 0 | _aHalf Single Half Married | |
| 250 | _a1st | ||
| 260 |
_c2013 _bGood Times |
||
| 500 | _aYES | ||
| 650 |
_aGeneral _bGeneral |
||
| 942 | _cBK | ||
| 999 |
_c217864 _d217864 |
||